LEADER 03190nam a2200841 i 4500
001 nkc20203220865
003 CZ PrNK
005 20200622113034.0
007 ta
008 200529s2020 xr ac e f 000 0deng
015 |a cnb003220865 
020 |a 978-80-7010-166-7  |q (brožováno) 
035 |a (OCoLC)1200247071 
040 |a OLA001  |b cze  |d BOA001  |e rda 
041 1 |a eng  |h cze 
043 |a e-xr---  |b e-xr-jc  |2 czenas 
045 |a w-x- 
072 7 |a 72/76  |x Výtvarné umění  |2 Konspekt  |9 21 
080 |a 730.071.1  |2 MRF 
080 |a 728.3  |2 MRF 
080 |a 7.022.82  |2 MRF 
080 |a 72  |2 MRF 
080 |a 72/76.05  |2 MRF 
080 |a 72.012.8  |2 MRF 
080 |a 730(437.3)  |2 MRF 
080 |a 7.036.45  |2 MRF 
080 |a (437.319)  |2 MRF 
080 |a (036)  |2 MRF 
080 |a (084.11)  |2 MRF 
100 1 |a Larvová, Hana  |7 jx20080207021  |4 aut 
245 1 0 |a Chýnov /  |c Hana Larvová ; překlad z češtiny do angličtiny Vladimíra Šefranka Žáková 
264 1 |a Praha :  |b GHMP,  |c 2020 
300 |a 118 stran :  |b ilustrace (převážně barevné), portréty ;  |c 20 cm 
336 |a text  |b txt  |2 rdacontent 
336 |a statický obraz  |b sti  |2 rdacontent 
337 |a bez média  |b n  |2 rdamedia 
338 |a svazek  |b nc  |2 rdacarrier 
500 |a Obálkový podnázev: the cottage of sculptor František Bílek 
500 |a 400 výtisků 
504 |a Obsahuje bibliografické odkazy 
546 |a Anglický text 
600 1 7 |a Bílek, František,  |d 1872-1941  |7 jk01012048  |2 czenas 
610 2 7 |a Dům Františka Bílka (Chýnov, Česko)  |7 mzk20201076593  |2 czenas 
648 7 |a 19.-20. století  |7 ch757015  |2 czenas 
650 0 7 |a sochaři  |7 ph125736  |z Česko  |y 19.-20. století  |2 czenas 
650 0 7 |a rodinné domy  |7 ph116049  |z Česko  |2 czenas 
650 0 7 |a umělecké ateliéry  |7 ph126889  |z Česko  |2 czenas 
650 0 7 |a architektura  |7 ph118586  |z Česko  |y 19. století  |2 czenas 
650 0 7 |a umělecká výzdoba  |7 ph136757  |z Česko  |2 czenas 
650 0 7 |a interiéry  |7 ph121148  |z Česko  |2 czenas 
650 0 7 |a české sochařství  |7 ph128152  |y 19.-20. století  |2 czenas 
650 0 7 |a symbolismus (umění)  |7 ph126349  |z Česko  |2 czenas 
650 0 9 |a sculptors  |z Czechia  |y 19th-20th centuries  |2 eczenas 
650 0 9 |a single family houses  |z Czechia  |2 eczenas 
650 0 9 |a artists' studios  |z Czechia  |2 eczenas 
650 0 9 |a architecture  |z Czechia  |y 19th century  |2 eczenas 
650 0 9 |a artistic decoration  |z Czechia  |2 eczenas 
650 0 9 |a interiors  |z Czechia  |2 eczenas 
650 0 9 |a Czech sculpture  |y 19th-20th centuries  |2 eczenas 
650 0 9 |a symbolism (art movement)  |z Czechia  |2 eczenas 
651 7 |a Chýnov (Česko)  |7 ge128963  |2 czenas 
651 9 |a Chýnov (Czechia)  |2 eczenas 
655 7 |a průvodce  |7 fd133154  |2 czenas 
655 7 |a obrazové publikace  |7 fd132947  |2 czenas 
655 9 |a guidebooks  |2 eczenas 
655 9 |a pictorial works  |2 eczenas 
700 1 |a Šefranka Žáková, Vladimíra,  |d 1961-  |7 jx20050707064  |4 trl 
910 2 |a BOA001  |b 1-1447.249 
928 9 |a Galerie hlavního města Prahy 
990 |a BK 
995 |a 01 
991 |b 202006  |c NOV 
996 6 |b 2610825944  |c 1-1447.249  |l MZK  |r Sklad / do 1 hodiny  |n 0  |p p.v.  |w 001804727  |u 000010  |a 1  |e BOA001  |j MZK50  |s P